[Event "TUR-ch Men 2018"]
[Site "Kemer"]
[Date "2018.10.17"]
[Round "2.3"]
[White "Soysal, Serkan"]
[Black "Soylu, Suat"]
[Result "1/2-1/2"]
[WhiteElo "2415"]
[BlackElo "2327"]
[Annotator "TA"]
[PlyCount "81"]
[EventDate "2018.10.26"]
[EventType "tourn"]
[EventCountry "TUR"]
[SourceTitle "playchess.com"]
[Source "ChessBase"]
[SourceQuality "1"]

{[%evp 26,81,29,33,38,10,16,11,14,2,18,-50,0,0,27,29,20,8,59,58,58,64,60,60,60,60,70,43,103,113,105,108,110,0,0,0,0,0,0,-125,0,0,0,0,0,0,0,0,0,0,0,0,0,0,0,0,0,0]} 1. Nf3 Nf6 2. c4 c6 3. d4 d5 4. Nc3 dxc4 5. a4 Bf5 6. e3 e6 7. Bxc4 Bb4 8. O-O Nbd7 9. Nh4 O-O 10. h3 Bg6 11. Nxg6 hxg6 12. Qb3 Qb6 13. Rd1 a5 14. Bd2 {LiveBook: 4 Games. D18: Slav Defence: 5 a4 Bf5 6 e3} e5 15. Be1 Rad8 {[#]} 16. Rac1 $146 ({Predecessor:} 16. dxe5 Nxe5 17. Be2 Qc7 18. Qc2 Qe7 19. Rxd8 Rxd8 20. Rd1 Rxd1 21. Qxd1 Ned7 {½-½ (21) Riazantsev,A (2629)-Predojevic,B (2587) Moscow 2007}) 16... exd4 17. exd4 Qa7 18. Bd3 (18. Qc2 $11) 18... Kh8 (18... Qxd4 $15 19. Bxg6 Qe5) 19. Bc4 $11 Kg8 20. Qc2 Nb6 21. Bb3 Nbd5 (21... Kh7 $11) 22. Nxd5 $14 Nxd5 23. Bxb4 Nxb4 24. Qxg6 $1 Rxd4 25. Qf5 Nd5 $1 26. Qe5 Nf4 (26... Rxd1+ $14 27. Rxd1 Nf6) 27. Bc4 $16 Rfd8 28. Rxd4 Qxd4 29. Qxa5 (29. Qe7 $16 Qf6 30. Bxf7+ Kh7 31. Re1) 29... Rd6 $1 $11 {[%cal Rd6g6] [#] White must now prevent ...Rg6.} 30. Qf5 Rf6 $1 {[%cal Rf6f5]} 31. Qc8+ Kh7 {Hoping for ...Nxg2!} 32. Bf1 {[#]} (32. Qg4 $11) 32... Ne2+ (32... Nd5 $1 $17 33. Qg4 Qxf2+ 34. Kh2 g6) 33. Bxe2 {The position is equal.} Qxf2+ 34. Kh1 Qxe2 35. Qxb7 Rf1+ 36. Rxf1 Qxf1+ {KQ-KQ} 37. Kh2 Qf4+ 38. Kg1 Qe3+ 39. Kf1 Qf4+ 40. Ke2 Qe4+ 41. Kf2 {Precision: White = 71%, Black = 49%.} 1/2-1/2

[Event "TUR-ch Men 2018"]
[Site "Kemer"]
[Date "2018.10.17"]
[Round "2.4"]
[White "Gulbas, Cemil"]
[Black "Apaydin, Fethi"]
[Result "1-0"]
[WhiteElo "2393"]
[BlackElo "2353"]
[Annotator "TA"]
[PlyCount "57"]
[EventDate "2018.10.26"]
[EventType "tourn"]
[EventCountry "TUR"]
[SourceTitle "playchess.com"]
[Source "ChessBase"]
[SourceQuality "1"]

{[%evp 23,57,16,27,18,24,19,29,0,51,16,31,12,45,29,194,194,212,200,269,248,235,228,370,330,415,418,439,425,622,478,865,848,1516,1467,2541,1184]} 1. e4 c5 2. Nf3 e6 3. d4 cxd4 4. Nxd4 a6 5. Nc3 Qc7 6. Bd3 Nc6 7. Nxc6 bxc6 8. O-O Nf6 9. Qe2 e5 {B46: Sicilian: Taimanov: 5 Nc3 a6} (9... d5 10. Bg5 Bb7 11. f4 h6 12. Bh4 Be7 13. Bg3 O-O 14. e5 Ne8 15. f5 exf5 16. Bxf5 Qb6+ 17. Kh1 g6 {1-0 (34) Wei,Y (2740)-Ivanchuk,V (2732) Hoogeveen 2017}) 10. f4 Bd6 11. f5 Be7 12. Kh1 h6 {LiveBook: 3 Games} 13. Bd2 Bb7 14. Rae1 O-O 15. Qf3 $146 ({Predecessor:} 15. Rf3 Qd8 16. Na4 d6 17. b3 {½-½ (85) Munguntuul,B (2452)-Ambarcumova,K (2315) Moscow 2012}) 15... Kh8 (15... d5 $11) 16. Nd1 {[%cal Bc3d1,Bd1e3,Be3c4][%mdl 32]} Nh7 17. Qh5 Qd6 18. Ne3 Bg5 $2 {[#]} (18... a5 $11 {and Black has nothing to worry.}) 19. Nc4 $18 Qf6 20. Bb4 Rfb8 21. Bd6 Re8 22. g3 Bd2 (22... a5 $142 23. Qe2 Ba6) 23. Rd1 ({Not} 23. Nxd2 Qxd6 24. Qxf7 Nf6 $16) 23... Be3 24. Ba3 (24. Nxe3 Qxd6 25. Qxf7 Nf6 $16) 24... Bd4 25. Nd6 {White is clearly winning.} Reb8 (25... Rab8 $142 26. Nxf7+ Kg8) 26. c3 Ba7 (26... c5 $142 27. Nxb7 (27. cxd4 Qxd6 28. Bxc5 Qc6 $16) 27... Rxb7 28. cxd4 cxd4) 27. Bc4 Ng5 28. h4 Nh3 29. Kg2 {Precision: White = 47%, Black = 23%.} (29. Nxf7+ $142 Qxf7 30. Qxf7) 1-0

[Event "TUR-ch Men 2018"]
[Site "Kemer"]
[Date "2018.10.17"]
[Round "2.5"]
[White "Ozen, Deniz"]
[Black "Yilmazyerli, Mert"]
[Result "1/2-1/2"]
[WhiteElo "2411"]
[BlackElo "2442"]
[Annotator "TA"]
[PlyCount "60"]
[EventDate "2018.10.26"]
[EventType "tourn"]
[EventCountry "TUR"]
[SourceTitle "playchess.com"]
[Source "ChessBase"]
[SourceQuality "1"]

{[%evp 27,60,0,7,8,11,0,0,0,0,0,0,0,0,0,0,0,0,0,0,0,0,0,0,0,0,0,0,0,0,0,0,0,0,0,0]} 1. e4 e5 2. Nf3 Nc6 3. Bb5 Nf6 4. O-O Nxe4 5. Re1 Nd6 6. Nxe5 Be7 7. Bf1 Nxe5 8. Rxe5 O-O 9. d4 Bf6 10. Re1 Re8 {C67: Ruy Lopez: Berlin Defence: 4 0-0 Nxe4} 11. Rxe8+ Nxe8 12. c3 d5 13. Bf4 c6 14. Bd3 g6 {LiveBook: 14 Games. The position is equal.} 15. Nd2 Ng7 16. h3 Bf5 17. Bxf5 Nxf5 18. Nf3 {[#]} Ng7 $146 19. Be5 Ne6 20. Qd2 Ng5 21. Nxg5 Bxg5 22. Bf4 Bxf4 23. Qxf4 $11 {[%mdl 4096] Endgame KQR-KQR} Qe7 24. Qd2 Re8 25. Kf1 Kg7 26. Re1 Qxe1+ 27. Qxe1 Rxe1+ 28. Kxe1 Kf6 29. Ke2 Ke6 30. Ke3 f6 {Precision: White = 84%, Black = 68%.} 1/2-1/2

[Event "TUR-ch Men 2018"]
[Site "Kemer"]
[Date "2018.10.17"]
[Round "2.6"]
[White "Gunduz, Umut Erdem"]
[Black "Zor, Alber Kadir"]
[Result "1/2-1/2"]
[WhiteElo "2205"]
[BlackElo "2167"]
[Annotator "TA"]
[PlyCount "82"]
[EventDate "2018.10.26"]
[EventType "tourn"]
[EventCountry "TUR"]
[SourceTitle "playchess.com"]
[Source "ChessBase"]
[SourceQuality "1"]

{[%evp 23,82,9,9,-27,-31,-35,-43,-45,0,0,0,-75,-54,-81,-64,-76,-60,-56,-58,-102,-35,-46,-6,-20,-3,-12,0,0,0,0,22,21,16,-30,-30,-31,-31,-31,-10,-31,0,-31,-31,-31,0,-90,-53,-144,-149,-203,-97,-97,-97,-97,0,-97,-97,-97,-97,-98,-85]} 1. e4 c6 2. d4 d5 3. Nd2 dxe4 4. Nxe4 Nf6 5. Nxf6+ exf6 6. c3 Bd6 7. Bd3 O-O 8. Ne2 Re8 9. Qc2 {B15: Caro-Kann: 3 Nc3: 3...g6 and 3...dxe4 4 Nxe4 Nf6 5 Nxf6+ exf6} h5 10. Be3 Nd7 11. O-O-O Nf8 12. Kb1 Be6 {LiveBook: 9 Games} 13. h4 $146 ({Predecessor:} 13. c4 Rc8 14. h3 h4 15. Rdg1 b5 16. c5 {½-½ (45) Saric,I (2669)-Howell,D (2676) Riadh 2017}) 13... b5 14. Be4 Qd7 15. Ka1 f5 16. Bf3 Bd5 17. Rh3 (17. Bxh5 $11 Bxg2 18. Rhg1) 17... g6 18. Nf4 Bxf4 19. Bxf4 Bxf3 20. Rxf3 Qd5 21. Qd2 Re4 ({Black should try} 21... Nd7 $17) 22. Rd3 $1 $15 Nd7 23. f3 Re6 24. Re3 Rae8 25. Rde1 Nb6 26. b3 Qd7 27. Rxe6 Rxe6 28. Be5 {next Qh6 is good for White.} f6 (28... Qe8 {looks sharper.} 29. Bg3 Nd5 30. Rxe6 Qxe6 31. Bf4 Qe7) 29. Bb8 Rxe1+ 30. Qxe1 Kg7 31. Kb2 a5 {[%cal Ba7a5,Ba5a4,Ba4a3][%mdl 32]} 32. Qe3 Nd5 33. Qe2 a4 34. Qe1 (34. bxa4 $11 bxa4 35. Qa6) 34... Kf7 35. Bg3 {[#]} (35. Qd2 $1 $15) 35... a3+ $1 $17 {[%mdl 512]} 36. Kc2 {[#]} (36. Kc1 $17 {was called for.}) (36. Kxa3 b4+) 36... b4 $1 {[%mdl 512]} 37. c4 (37. cxb4 f4) 37... Nc3 38. Qe3 Nxa2 (38... Qe6 $17 39. Qxe6+ Kxe6) 39. Be1 (39. Qh6 $11) 39... Qe6 {Black is better.} 40. Qxe6+ Kxe6 41. f4 Kd6 {Precision: White = 43%, Black = 46%.} 1/2-1/2

[Event "TUR-ch Men 2018"]
[Site "Kemer"]
[Date "2018.10.29"]
[Round "3.1"]
[White "Zor, Alber Kadir"]
[Black "Erdogdu, Mert"]
[Result "0-1"]
[WhiteElo "2167"]
[BlackElo "2406"]
[Annotator "NA"]
[PlyCount "78"]
[EventDate "2018.10.26"]
[EventType "tourn"]
[EventCountry "TUR"]
[SourceTitle "playchess.com"]
[Source "ChessBase"]
[SourceQuality "1"]
[TimeControl "5400+30"]

{[%evp 8,66,16,16,22,16,12,20,33,22,31,16,39,17,38,32767,32767,32767,32767,47,32767,32767,18,-14,2,-10,-9,32767,4,-15,0,32767,27,-31,32767,32767,32767,-4,-6,-7,32767,-25,0,32767,32767,-26,32767,0,-4,-5,0,-2,32767,32767,0,32767,0,32767,-19,-204,-195]} 1. e4 {[%emt 0:00:30]} e5 {[%emt 0:00:30]} 2. Nf3 {[%emt 0:01:30]} Nc6 {[%emt 0:00:30]} 3. Bc4 {[%emt 0:01:30]} Nf6 {[%emt 0:00:30]} 4. d3 {[%emt 0:00:30]} Bc5 {[%emt 0:00:30]} 5. O-O {[%emt 0:03:30]} O-O {[%emt 0:01:30]} 6. h3 {[%emt 0:10:30] LiveBook: 216 Games C50: Hungarian Defence and Giuoco Pianissimo} (6. c3 d5 7. exd5 Nxd5 8. Re1 Bg4 9. Nbd2 Nb6 10. Bb5 Bd6 11. h3 Bh5 12. Ne4 Re8 13. Bg5 f6 14. Be3 a6 15. Bxc6 bxc6 16. Ng3 Bf7 17. c4 Bb4 18. Re2 Bf8 19. b3 c5 {0-1 (89) Nakamura,H (2777)-Grischuk,A (2766) Saint Louis 2018}) 6... a6 {[%emt 0:09:30]} 7. a4 {[%emt 0:04:30]} Re8 {[%emt 0:05:30]} 8. Re1 {[%emt 0:04:30]} h6 {[%emt 0:07:30]} 9. Nbd2 $146 {[%emt 0:10:30]} ({Predecessor:} 9. c3 d6 10. Nbd2 Be6 11. b4 Ba7 12. Bxe6 Rxe6 13. Nf1 d5 {½-½ (24) Fedorchuk,S (2615)-Maze,S (2615) Le Port Marly 2016}) 9... Bf8 {[%emt 0:06:30]} 10. c3 {[%emt 0:15:30]} d6 {[%emt 0:33:30]} 11. Qb3 {[%emt 0:13:30]} Re7 {[%emt 0:02:30]} 12. a5 {[%emt 0:00:30]} b5 {[%emt 0:01:30] [%clk 0:26]} 13. axb6 $1 {[%emt 0:09:30]} cxb6 {[%emt 0:00:30]} 14. Qa2 {[%emt 0:00:30]} Na5 {[%emt 0:06:30]} 15. Bd5 {[%emt 0:00:00]} Nxd5 {[%emt 0:00:30]} 16. exd5 {[%emt 0:01:00]} Bf5 {[%emt 0:02:41]} 17. Ne4 {[%emt 0:01:03]} Nb7 {[%emt 0:02:29]} 18. b4 {[%emt 0:01:32]} Rc7 {[%emt 0:01:02]} 19. Bd2 {[%emt 0:00:19]} Bh7 {[%emt 0:01:52]} 20. Qb3 {[%emt 0:01:28]} ({Besser ist} 20. d4 $11) 20... f5 {[%emt 0:01:05]} 21. Ng3 {[%emt 0:00:12]} Kh8 {[%emt 0:00:20]} 22. c4 {[%emt 0:02:22]} a5 {[%emt 0:01:44]} 23. Ra2 {[%emt 0:07:53]} axb4 {[%emt 0:01:48]} 24. Bxb4 {[%emt 0:00:15]} Nc5 {[%emt 0:00:34]} 25. Bxc5 {[%emt 0:00:14]} bxc5 {[%emt 0:00:02]} 26. Rea1 {[%emt 0:05:38]} Rb8 {[%emt 0:00:46]} 27. Qxb8 {[%emt 0:00:41]} Qxb8 {[%emt 0:00:36]} 28. Ra8 {[%emt 0:00:02]} Rb7 {[%emt 0:00:00]} 29. Rxb8 {[%emt 0:00:33]} Rxb8 {[%emt 0:00:00]} 30. Kf1 {[%emt 0:00:18]} Kg8 {[%emt 0:02:05]} 31. Ra7 {[%emt 0:00:44]} Re8 {[%emt 0:02:11]} 32. Ke2 {[%emt 0:00:25]} e4 {[%emt 0:00:35]} 33. dxe4 $2 {[%emt 0:00:22]} (33. Nd2 $1 $11 {and White has nothing to worry.}) 33... f4 $19 {[%emt 0:00:12]} 34. Nh5 {[%emt 0:02:18]} Rxe4+ {[%emt 0:00:27]} 35. Kd1 {[%emt 0:02:26]} Rxc4 {[%emt 0:00:44]} 36. g4 {[%emt 0:00:34]} fxg3 {[%emt 0:01:00]} 37. fxg3 {[%emt 0:00:18]} Be4 {[%emt 0:00:52]} 38. Nh4 {[%emt 0:00:50]} Bxd5 {[%emt 0:00:18]} 39. Kd2 {[%emt 0:00:29]} Bf7 {[%emt 0:00:55]} 0-1

[Event "TUR-ch Men 2018"]
[Site "Kemer"]
[Date "2018.10.29"]
[Round "3.2"]
[White "Yilmazyerli, Mert"]
[Black "Gunduz, Umut Erdem"]
[Result "1/2-1/2"]
[WhiteElo "2442"]
[BlackElo "2205"]
[Annotator "TA"]
[PlyCount "88"]
[EventDate "2018.10.26"]
[EventType "tourn"]
[EventCountry "TUR"]
[SourceTitle "playchess.com"]
[Source "ChessBase"]
[SourceQuality "1"]

{[%evp 19,88,82,84,87,87,69,73,34,97,58,83,74,61,32,29,27,59,48,45,49,45,0,106,22,91,0,44,0,0,0,0,0,2,9,2,0,0,0,0,-7,0,0,0,-64,-72,-136,0,0,0,0,0,0,0,0,38,0,0,0,0,0,0,0,0,0,0,0,0,0,0,0,0]} 1. Nf3 Nf6 2. c4 c5 3. Nc3 Nc6 4. e3 g6 5. d4 {[%cal Bd2d4,Bd4d5][%mdl 32]} Bg7 6. d5 Nb8 7. e4 d6 8. h3 O-O 9. Bd3 e6 {A35: Symmetrical English: 2 Nc3 Nc6 3 Nf3} (9... Na6 10. O-O Nc7 11. Re1 e6 12. Rb1 Rb8 13. Bf4 Nfe8 14. a3 a6 15. Bg5 Bf6 16. Bh6 Ng7 17. e5 {1-0 (34) Akopian,V (2655)-Nguyen Huynh Minh,H (2507) Tromsoe 2014}) 10. O-O exd5 {LiveBook: 6 Games} 11. exd5 Na6 {White is better.} 12. Bf4 Nc7 13. Qd2 a6 (13... b5 $1 $14) 14. Rfe1 $146 ({Predecessor:} 14. a4 b6 15. Bh6 Rb8 16. Bxg7 Kxg7 17. Ng5 {1-0 (41) Vdovin,S (2101)-Zizlova,S (1976) Moscow 2008}) 14... Rb8 15. a4 (15. Bg5 {seems wilder.} b5 16. b3 Bb7 17. Qf4 Nh5 18. Qc1) 15... b5 16. axb5 axb5 17. cxb5 {Black must now prevent Bg5.} Ncxd5 18. Nxd5 Nxd5 19. Bg5 Nf6 20. Qf4 Be6 (20... Bb7 $11) 21. Rad1 ({White should try} 21. Ra6 $16) 21... Bb3 {[#]} (21... Nh5 $11 {remains equal.} 22. Qd2 (22. Bxd8 Nxf4 23. Be7 Nxd3 $17) 22... Qc7) 22. Rd2 (22. Bc2 $1 $16 Bxc2 23. Rxd6) 22... Nd5 23. Qh4 (23. Qg3 $5 {[%cal Rg5d8]} f6 24. Be4 $14) 23... Qa5 24. Bh6 Rfe8 (24... Bxh6 {keeps more tension.} 25. Qxh6 Rfe8 26. Rxe8+ Rxe8 27. Bf1 Qd8) 25. Rxe8+ Rxe8 26. Bxg7 Kxg7 27. Bc4 Bxc4 $1 28. Qxc4 Nb6 29. Qf4 Qxb5 30. Qxd6 Nc4 $1 {[%csl LRb2,LRd2,LRd6]} 31. Qd3 (31. Qd7 $1 $11 Qb8 32. Rd1) 31... Qb4 $15 32. Re2 ({White should play} 32. Rc2 Nxb2 33. Qd5) 32... Rxe2 (32... Nxb2 $17 33. Qd2 Rxe2 34. Qxe2 Qc3) 33. Qxe2 $11 Nxb2 34. Qe5+ Kg8 {With the idea ...Nd3.} 35. Ng5 {Qe8+ is the strong threat.} Qb3 36. Qxc5 Nd3 37. Qd4 Qb1+ {The position is equal.} 38. Kh2 Qb8+ 39. g3 Qe5 40. Qh4 h5 {[#]} 41. Nxf7 $1 {[%mdl 512]} Qe2 (41... Kxf7 42. Qc4+) 42. Qf6 Qxf2+ 43. Qxf2 Nxf2 44. Ng5 Kg7 {Precision: White = 27%, Black = 64%.} 1/2-1/2

[Event "TUR-ch Men 2018"]
[Site "Kemer"]
[Date "2018.10.29"]
[Round "3.3"]
[White "Apaydin, Fethi"]
[Black "Ozen, Deniz"]
[Result "1/2-1/2"]
[WhiteElo "2353"]
[BlackElo "2411"]
[Annotator "TA"]
[PlyCount "152"]
[EventDate "2018.10.26"]
[EventType "tourn"]
[EventCountry "TUR"]
[SourceTitle "playchess.com"]
[Source "ChessBase"]
[SourceQuality "1"]

{[%evp 14,152,-19,0,33,51,35,33,71,73,77,88,71,88,84,79,117,123,99,102,146,147,109,118,103,110,137,131,146,129,135,139,136,135,133,142,141,133,133,114,114,77,152,111,112,101,110,108,111,0,89,93,88,87,95,97,195,205,188,191,200,193,178,189,201,201,206,188,196,173,191,185,284,279,277,243,231,238,212,168,153,150,152,145,132,77,169,158,164,166,160,159,402,398,393,220,343,393,410,410,410,410,410,410,410,393,410,343,331,227,343,343,343,343,343,339,343,0,0,0,0,0,0,0,0,0,0,0,0,0,0,0,0,0,0,0,0,0,0,0,0]} 1. e4 e6 2. d3 d5 3. Nd2 Nc6 4. Ngf3 Nf6 5. e5 Nd7 6. d4 f6 7. Bb5 {C00: French: Unusual White 2nd moves} (7. exf6 Qxf6 8. Nb3 Bd6 9. Bg5 Qf7 10. Bh4 e5 11. dxe5 Ndxe5 12. Be2 O-O 13. Ng5 Qf4 14. Qxd5+ Kh8 15. Qe4 Qxe4 16. Nxe4 {0-1 (29) Gundavaa,B (2516)-Ponkratov,P (2605) Khanty-Mansiysk 2013}) 7... fxe5 8. dxe5 {LiveBook: 5 Games} a6 9. Bxc6 $1 {White is slightly better.} bxc6 10. Nb3 c5 $146 ({Predecessor:} 10... a5 11. Nbd4 Nb8 12. Ng5 Qe7 13. Qg4 c5 14. Ndxe6 Nc6 {1-0 (46) Kharmunova,N (2196)-Pustovoitova,D (2269) Moscow 2013}) 11. Bg5 Be7 12. Na5 $1 {[%cal Ra5c6] And now Nc6 would win.} Nb8 ({Not} 12... Bxg5 $2 13. Nc6 $18) 13. Bxe7 Qxe7 14. c4 $36 {[%mdl 2048] White is really pushing.} c6 15. O-O O-O 16. Rc1 Bd7 {[#]} 17. Qb3 $1 {[%cal Rb3b7] aiming for Qb7.} Be8 18. Qb7 Qxb7 19. Nxb7 Nd7 20. cxd5 cxd5 21. Nxc5 Nxc5 22. Rxc5 Rb8 23. b3 Rb4 24. Ng5 Rb6 25. Rfc1 h6 26. Nf3 Rb4 27. Rc8 Bb5 ({Black should try} 27... a5) 28. Rxf8+ Kxf8 $16 {[%mdl 4096] Endgame KRB-KRN} 29. Rd1 Re4 30. Re1 Rf4 31. Rd1 Re4 $1 32. Rd4 Re2 33. Rd2 Re4 34. a4 Be8 (34... Be2 $16) 35. Rd4 $18 Re2 36. Kf1 Rb2 37. Rb4 a5 38. Rb8 Ke7 39. Rb7+ Bd7 40. Ke1 Rb1+ 41. Kd2 Ke8 42. Nd4 Rh1 (42... g5 {was necessary.} 43. Rb8+ Ke7) 43. h3 Rh2 44. Nf3 Rxg2 45. Ke2 d4 46. Kf1 Rg6 47. Nxd4 Rg5 48. f4 Rg3 49. f5 (49. Ke2 $142) 49... exf5 (49... Rd3 $16 50. fxe6 Bc8 51. Rxg7 Rxd4 52. Rg8+ Ke7) 50. e6 Bc8 {[#]} 51. Rc7 $1 {[%cal Rc7c8]} Bxe6 52. Nxe6 Rxb3 $2 (52... g5 $16 53. Ng7+ Kd8) 53. Nxg7+ {KRN-KR} Kd8 54. Ne6+ Ke8 55. Kg2 Rb4 56. Ng7+ Kd8 57. Ra7 Rxa4 58. Nxf5 h5 59. Nd6 Rd4 60. Nb5 Ra4 61. Rh7 h4 (61... Rb4 {keeps fighting.}) 62. Nd6 Ra2+ 63. Kf3 Ra1 64. Rxh4 a4 65. Nb5 $2 (65. Rd4 $18) 65... a3 $11 {The position is equal.} 66. Rd4+ Ke7 67. Re4+ Kf8 68. Rf4+ Ke7 69. Re4+ Kf8 70. Rf4+ Ke7 71. Ra4 a2 72. Kg2 {Nc3 is the strong threat.} Rb1 73. Rxa2 Rxb5 74. Rf2 Rb6 75. h4 Rf6 76. Ra2 Kf7 {Precision: White = 82%, Black = 51%.} 1/2-1/2

[Event "TUR-ch Men 2018"]
[Site "Kemer"]
[Date "2018.10.29"]
[Round "3.4"]
[White "Soylu, Suat"]
[Black "Gulbas, Cemil"]
[Result "0-1"]
[WhiteElo "2327"]
[BlackElo "2393"]
[Annotator "NA"]
[PlyCount "64"]
[EventDate "2018.10.26"]
[EventType "tourn"]
[EventCountry "TUR"]
[SourceTitle "playchess.com"]
[Source "ChessBase"]
[SourceQuality "1"]
[TimeControl "5400+30"]

{[%evp 8,62,28,15,44,30,41,18,19,10,26,36,26,-21,67,49,54,48,32767,32767,32767,32767,32767,32767,32767,68,32767,83,32767,32767,32767,32767,73,68,73,32767,64,32767,32767,66,32767,32767,32767,32767,32767,32767,32767,32767,32767,32767,32767,32767,32767,32767,60,32767,37]} 1. e4 {[%emt 0:00:30]} c5 {[%emt 0:01:30]} 2. Nf3 {[%emt 0:00:00]} Nc6 {[%emt 0:01:30]} 3. d4 {[%emt 0:01:00]} cxd4 {[%emt 0:00:30]} 4. Nxd4 {[%emt 0:00:30]} e6 {[%emt 0:03:30]} 5. Nc3 {[%emt 0:00:30]} Qc7 {[%emt 0:03:30]} 6. Be3 {[%emt 0:01:30]} a6 {[%emt 0:00:30]} 7. Qd2 {[%emt 0:00:30]} Nf6 {[%emt 0:02:30]} 8. f4 {[%emt 0:01:30]} d6 {[%emt 0:06:30]} 9. Be2 {[%emt 0:05:30]} Bd7 {[%emt 0:08:30] B84: Sicilian Scheveningen: 6 Be2 a6, lines without early Be3} 10. O-O-O {[%emt 0:06:30] LiveBook: 8 Games} (10. Nb3 $14) 10... Nxd4 {[%emt 0:29:30]} (10... b5 11. Bxb5 axb5 12. Ndxb5 Qa5 13. Nxd6+ Bxd6 14. Qxd6 O-O-O 15. e5 Be8 {1-0 (49) Gledura,B (2602)-Bachmann,A (2646) Chartres 2017}) 11. Qxd4 {[%emt 0:02:30]} Rc8 $146 {[%emt 0:00:30]} ({Predecessor:} 11... Bc6 12. g4 Nd7 13. Kb1 Be7 14. g5 e5 15. Nd5 exd4 16. Nxc7+ Kd8 17. Nxa8 dxe3 {1-0 (32) Watson,W (2535)-Semkov,S (2470) Saint John 1988}) 12. Bf3 {[%emt 0:07:30]} Bc6 {[%emt 0:06:30]} 13. Kb1 {[%emt 0:21:30]} Nd7 {[%emt 0:20:17]  [%clk 0:11:13]} 14. Rhe1 {[%emt 0:02:30]} e5 {[%emt 0:00:30]} 15. Qd2 {[%emt 0:00:30]} Be7 {[%emt 0:00:10]} 16. Bg4 {[%emt 0:03:30]} Rd8 {[%emt 0:00:16]} 17. Bxd7+ {[%emt 0:01:30]} Rxd7 {[%emt 0:03:48]} 18. Nd5 {[%emt 0:01:30]} Bxd5 {[%emt 0:00:05]} 19. Qxd5 {[%emt 0:00:30]} Rd8 {[%emt 0:03:56]} 20. Rd3 {[%emt 0:05:30]} O-O {[%emt 0:00:38]} 21. Red1 {[%emt 0:00:30]} Rc8 {[%emt 0:01:01]} 22. Rc3 {[%emt 0:05:30]} Qb8 {[%emt 0:00:16]} 23. Rdd3 {[%emt 0:00:30]} h6 {[%emt 0:00:37]} 24. a4 {[%emt 0:06:30]} Rfe8 {[%emt 0:01:03]} 25. Rxc8 {[%emt 0:04:30]} Qxc8 {[%emt 0:01:14]} 26. Rb3 {[%emt 0:06:24]} exf4 {[%emt 0:00:58]} 27. Bxf4 {[%emt 0:01:02]} Qg4 {[%emt 0:00:31]} 28. g3 {[%emt 0:02:57]} b5 {[%emt 0:00:36]} 29. axb5 {[%emt 0:00:14]} axb5 {[%emt 0:00:04]} 30. Rxb5 {[%emt 0:00:47]} Rc8 {[%emt 0:01:52]} 31. Rb7 {[%emt 0:02:06]} Qe2 $14 {[%emt 0:00:38]} 32. Qb3 {[%emt 0:08:08]} Qf1+ {[%emt 0:00:16]} 0-1

[Event "TUR-ch Men 2018"]
[Site "Kemer"]
[Date "2018.10.29"]
[Round "3.5"]
[White "Koksal, Ege"]
[Black "Soysal, Serkan"]
[Result "1/2-1/2"]
[WhiteElo "2351"]
[BlackElo "2415"]
[Annotator "TA"]
[PlyCount "121"]
[EventDate "2018.10.26"]
[EventType "tourn"]
[EventCountry "TUR"]
[SourceTitle "playchess.com"]
[Source "ChessBase"]
[SourceQuality "1"]

{[%evp 13,121,19,47,-4,19,-12,-6,-26,-19,-18,-13,-39,-20,-21,-16,-21,-17,-21,-27,-37,-40,-61,-54,-57,0,0,0,-7,0,0,0,0,0,0,0,-10,-1,-9,-7,0,0,-7,0,-7,0,-9,-5,-10,0,0,0,0,0,0,0,-1,0,-9,0,0,0,-16,0,0,0,-7,0,0,0,0,0,0,0,0,0,0,0,0,0,0,0,0,0,0,0,0,0,-8,0,0,0,0,0,0,0,0,0,0,0,0,0,0,0,0,0,0,0,0,0,0]} 1. d4 Nf6 2. c4 e6 3. Nf3 Bb4+ 4. Bd2 a5 5. g3 d6 6. Bg2 Nbd7 7. O-O e5 {LiveBook: 545 Partien} 8. d5 {E11: Damenindisch (Bogoljubow-Variante)} (8. e3 $14) (8. Be3 O-O 9. Qc2 exd4 10. Bxd4 Re8 11. Nc3 c6 12. Rad1 Qe7 13. a3 Bc5 14. Rfe1 h6 15. e4 Bxd4 16. Nxd4 {½-½ (70) Postny,E (2616)-Van Wely,L (2685) Novi Sad 2016}) 8... Bxd2 9. Nbxd2 O-O 10. e4 Nc5 11. Qe2 $146 ({Vorgänger:} 11. Ne1 c6 12. Qc2 cxd5 13. cxd5 b6 14. f3 h5 15. h4 Ba6 {1-0 (86) Liu,J (1850)-Feng,M (2227) Manchester 2016}) 11... c6 12. Qe3 Qe7 13. Rfc1 Ng4 14. Qe2 cxd5 15. cxd5 f5 16. h3 Nf6 {[%cal Rf6e4]} 17. exf5 Bxf5 18. Nd4 Bd7 (18... Bd3 $15 19. Qe3 {[#]} Be4 $1 {[%mdl 512]} 20. Bxe4 Nfxe4) 19. N4b3 $11 {Die Stellung ist ausgeglichen.} Nxb3 20. Nxb3 Qd8 21. Rc3 Qb6 22. Qe3 Qxe3 23. fxe3 b5 24. e4 Kf7 25. Rc7 Ke7 26. Rac1 Rfb8 27. Nd2 Ne8 28. R7c2 Rc8 (28... Rb7 {feels hotter.} 29. Kf2 Raa7 30. g4 Nc7 31. Nb3 Kd8) 29. Kf2 Rxc2 30. Rxc2 Nf6 31. Ke3 Kd8 32. Rc1 h6 33. a3 Ne8 34. Nb3 Nc7 35. Rf1 Ke7 36. Rc1 Kd8 37. Rf1 Ke7 38. Rc1 Ne8 39. Bf1 Ra7 40. Nd2 Ra8 41. Nb1 Rb8 42. Nd2 Rb7 43. Nb3 Ra7 44. h4 Nf6 45. Be2 Ra8 46. Rc7 Kd8 47. Rc1 Ke7 48. Rc7 Kd8 49. Rc1 Ra7 50. Bf3 Ke7 51. Be2 Kf7 52. Nd2 a4 53. Rc3 Ke7 54. Nb1 g5 55. hxg5 hxg5 56. b4 Ra8 57. Rc7 Kd8 58. Rc1 Ke7 59. Rc7 Kd8 60. Rc1 Ke7 61. Rc7 {Precision: Weiß = 66%, Schwarz = 61%.} 1/2-1/2